Tratado del lenguaje : El lenguaje, la comunicación /

Uloženo v:
Podrobná bibliografie
Další autoři: François, Fréderic (autor) (autor)
Médium: Kniha
Jazyk:španělština
Vydáno: Buenos Aires, Argentina : Nueva Visión, 1977, c1977
Témata:
Tagy: Přidat tag
Žádné tagy, Buďte první, kdo vytvoří štítek k tomuto záznamu!

MARC

LEADER 00000nam^a2200000^a^4500
001 000115340
005 20250521000000.0
009 20260526122755.823
037 |a Acervo ITESO - Biblioteca 
041 |a ESP 
082 |a 400.  |b TRA V. 1 
240 1 1 |a [Tratado del lenguaje] 
245 1 0 |a Tratado del lenguaje :  |b El lenguaje, la comunicación /  |c F, François... [et al.]. 
264 4 |a Buenos Aires, Argentina :  |b Nueva Visión,  |c 1977, c1977 
300 |a 184 p. 
336 |a texto  |b txt  |2 rdacontenido 
337 |a sin mediación  |b n  |2 rdamedio 
338 |a volumen  |b nc  |2 rdasoporte 
649 |a XX 
650 |a Lenguaje y Lenguas 
650 |a Lenguaje y Pensamiento 
650 |a Psicología Cognitiva 
650 |a Comunicación Verbal 
650 |a Comunicación Oral 
650 |a Lingüística 
700 |a François, Fréderic  |e (autor) 
910 |a Fondo General 
920 |a Impresos - Libros 
930 |a Colección General 
905 |a 101 
901 |a 0800002791  |b IT1  |c ACC  |u 20250521 
902 |a https://opac.biblio.iteso.mx/vufind/Record/000115340